00254nam a22000857a 4500008004100000082001500041245004800056260005600104300000800160230621b xxu||||| |||| 00| 0 eng d a328.3bHOR aCorporate Planb1 July 1990 to 30 June 1991 bOffice of the Clerk of the House of Representatives a21p